Culture Générale - Série 1577 - Statistiques

Statistiques générales
  • Ce quiz a été pris 120 fois
  • Le résultat moyen est 6 sur 10
Statistiques - réponses
Question Réponse % Correct
Quel fruit à chair blanche ou jaune peut être "de vigne" ou "melba" ? pêche
99%
La loi du 15 juin 2000 modifie le Code de procédure pénale en renforçant la présomption... d'innocence
93%
De quel félin aux oreilles prolongées par un pinceau de poils dit-on avoir les yeux, lorsqu'on a une vue perçante ? lynx
93%
Quelle bouillie de flocons d'avoine, additionnée de lait et de sucre, portant un nom anglais, sert-on couramment au petit déjeuner chez les Britanniques ? porridge
68%
Quel Italien a composé l'opéra "Le Trouvère", créé à Rome en 1853 ? Giuseppe Verdi
59%
Dans quelle ville d'Italie se trouve le club de football professionnel appelé la Sampdoria ? Gênes
55%
Quel État a posé sa candidature pour adhérer à la C.E.E. dès 1961, mais a dû attendre 1973 pour y entrer ? Royaume-Uni
54%
Quel était le prénom de l'avocat et révolutionnaire Danton ? Georges
24%
Dans la tragi-comédie “Le Cid”, quel personnage dit à Rodrigue : “Va, cours, vole et nous venge” ? Don Diègue
21%
Qui est l'héroïne des “Hauts de Hurle-Vent” d'Emily Brontë ? Catherine Earnshaw
10%
Aucun quiz correspondant
Distribution des résultats
% des personnes avec chaque résultat
Percentile par nombre de réponses
Votre historique - résultats
Vous n’avez pas pris ce quiz